<?xml version="1.0" encoding="UTF-8"?>
<marc:record xmlns:marc="http://www.loc.gov/MARC21/slim">
   <marc:leader>00000nam a2200000 a 4500</marc:leader>
   <marc:datafield ind1="1" ind2=" " tag="100">
      <marc:subfield code="a">Swanson, Peter</marc:subfield>
      <marc:subfield code="4">aut</marc:subfield>
      <marc:subfield code="e">Verfasser/-in</marc:subfield>
   </marc:datafield>
   <marc:datafield ind1=" " ind2=" " tag="653">
      <marc:subfield code="a">England</marc:subfield>
   </marc:datafield>
   <marc:datafield ind1=" " ind2=" " tag="653">
      <marc:subfield code="a">New York</marc:subfield>
   </marc:datafield>
   <marc:datafield ind1=" " ind2=" " tag="653">
      <marc:subfield code="a">Kriminalroman</marc:subfield>
   </marc:datafield>
   <marc:datafield ind1=" " ind2=" " tag="653">
      <marc:subfield code="a">Mord</marc:subfield>
   </marc:datafield>
   <marc:datafield ind1=" " ind2=" " tag="653">
      <marc:subfield code="a">Weihnachten</marc:subfield>
   </marc:datafield>
   <marc:datafield ind1=" " ind2=" " tag="653">
      <marc:subfield code="a">Dorf</marc:subfield>
   </marc:datafield>
   <marc:datafield ind1="0" ind2="0" tag="245">
      <marc:subfield code="a">Das Weihnachtsalibi</marc:subfield>
   </marc:datafield>
   <marc:datafield ind1="0" ind2="0" tag="245">
      <marc:subfield code="b">Kriminalroman</marc:subfield>
   </marc:datafield>
   <marc:datafield ind1=" " ind2="1" tag="264">
      <marc:subfield code="b">Oktobus</marc:subfield>
      <marc:subfield code="c">2024</marc:subfield>
   </marc:datafield>
   <marc:datafield ind1="1" ind2=" " tag="520">
      <marc:subfield code="a">Ashley Smith, Studentin der Kunstgeschichte aus Sacramento, Kalifornien, wollte die Weihnachtstage während ihres Auslandsjahrs in London eigentlich allein verbringen. Erst die kurzfristige Einladung ihrer Kommilitonin Emma Chapman führt sie nach Starvewood Hall, dem Landsitz der Familie in Clevemoor in den Cotswolds. Ashley ist fasziniert von dem festlich geschmückten Herrenhaus, dem Feuer im Kamin, den vielen Gästen, dem guten Essen – und auch von Emmas attraktivem Bruder. Doch gegen Adam ermittelt die örtliche Polizei: Er soll ein Mädchen brutal ermordet haben. Außerdem treibt ein mysteriöser Fremder sein Unwesen in dem Wald zwischen Starvewood Hall und dem örtlichen Pub … Mehr als dreißig Jahre später werden die Ereignisse jener schrecklichen Festtage wieder aufgerollt: Was 1989 in einem kleinen englischen Dorf begann, findet viele Weihnachten später sein grausames Ende in New York.</marc:subfield>
   </marc:datafield>
   <marc:datafield ind1=" " ind2=" " tag="020">
      <marc:subfield code="a">9783311300687</marc:subfield>
      <marc:subfield code="9">9783311300687</marc:subfield>
   </marc:datafield>
</marc:record>
